| 000 | 01098nam a22002657a 4500 | ||
|---|---|---|---|
| 005 | 20170124102953.0 | ||
| 010 | _aA-460253 | ||
| 020 |
_c95.00 _a8171930069 |
||
| 035 | _aA-460253 | ||
| 037 | _bCen Lib/Ret | ||
| 040 |
_aDPL _bHN |
||
| 082 |
_a343.054 _bअन्तरसि |
||
| 100 |
_aअन्तर सिंह _92125 |
||
| 245 |
_aराजस्व प्रशासन / _cअन्तर सिंह |
||
| 246 |
_aRajasv prashasan / _bby Antar Singh |
||
| 260 |
_aजयपुर _bक्लासिकल पब्लिशिंग हाउस _c1991 |
||
| 270 |
_bजयपुर _aF-164A सुरेश मार्ग, सी स्कीम _e302 001 |
||
| 300 |
_avi,88पृ. _c20सेमी (सजिल्द) |
||
| 500 | _aअनुक्रमाणिका और संदर्भ शामिल | ||
| 650 |
_aप्रशासन _952388 |
||
| 650 |
_aशासन-पद्धति _93679 |
||
| 650 |
_aAdministration _94825 |
||
| 650 |
_aSystem of government _952389 |
||
| 942 |
_2ddc _cHN _h343.054 _mअन्तरसि |
||
| 999 |
_c113470 _d113470 |
||